Digital communications (Record no. 956)

000 -LEADER
fixed length control field 00508nam a2200205 a 4500
001 - CONTROL NUMBER
control field 956
003 - CONTROL NUMBER IDENTIFIER
control field BD-DhUET
008 - FIXED-LENGTH DATA ELEMENTS--GENERAL INFORMATION
fixed length control field 860516s1986 inua b 001 0 eng
020 ## - INTERNATIONAL STANDARD BOOK NUMBER
International Standard Book Number 0071181830
040 ## - CATALOGING SOURCE
Original cataloging agency DLC
Transcribing agency DLC
Modifying agency BD-DhUET
082 00 - DEWEY DECIMAL CLASSIFICATION NUMBER
Classification number 623.8
Item number PRO/2001
100 ## - MAIN ENTRY--PERSONAL NAME
Personal name Proakis, John G.
245 00 - TITLE STATEMENT
Title Digital communications
250 ## - EDITION STATEMENT
Edition statement 4th ed.
260 ## - PUBLICATION, DISTRIBUTION, ETC. (IMPRINT)
Place of publication, distribution, etc. Boston
Name of publisher, distributor, etc. McGraw-Hill
Date of publication, distribution, etc. 2001
300 ## - PHYSICAL DESCRIPTION
Extent xxi,1002p..
504 ## - BIBLIOGRAPHY, ETC. NOTE
Bibliography, etc Includes bibliographies

650 #0 - SUBJECT ADDED ENTRY--TOPICAL TERM
Topical term or geographic name as entry element Digital communications.
942 ## - ADDED ENTRY ELEMENTS (KOHA)
Koha item type General Book
Holdings
Copy number Date acquired Source of classification or shelving scheme Koha date last borrowed Not for loan Damaged status Location (home branch) Koha date last seen Shelving location Lost status Koha full call number Withdrawn status Piece designation (barcode) Koha issues (times borrowed) Sublocation or collection (holding branch) Koha normalized classification for sorting Koha item type Price effective from
12014-08-26    Central Library, BUET2014-08-26Circulation section 623.8/PRO/2001 103342 Central Library, BUET623_000000000000000_8PRO2001General Book2014-08-26
22014-08-26    Central Library, BUET2017-07-30Circulation section 623.8/PRO/2001 103344 Central Library, BUET623_000000000000000_8PRO2001General Book2014-08-26
32014-08-26    Central Library, BUET2015-06-08Circulation section 623.8/PRO/2001 103345 Central Library, BUET623_000000000000000_8PRO2001General Book2014-08-26
42014-08-26 2015-05-20  Central Library, BUET2015-08-18Circulation section 623.8/PRO/2001 1033461Central Library, BUET623_000000000000000_8PRO2001General Book2014-08-26
52014-08-26    Central Library, BUET2014-08-26Circulation section 623.8/PRO/2001 103347 Central Library, BUET623_000000000000000_8PRO2001General Book2014-08-26
62014-08-26 2018-08-06  Central Library, BUET2018-08-29Circulation section 623.8/PRO/2001 1033482Central Library, BUET623_000000000000000_8PRO2001General Book2014-08-26
72014-08-26 2018-08-29  Central Library, BUET2018-09-11Circulation section 623.8/PRO/2001 1033491Central Library, BUET623_000000000000000_8PRO2001General Book2014-08-26
82014-08-26    Central Library, BUET2015-08-16Circulation section 623.8/PRO/2001 103350 Central Library, BUET623_000000000000000_8PRO2001General Book2014-08-26
92014-08-26    Central Library, BUET2015-03-01Circulation section 623.8/PRO/2001 107674 Central Library, BUET623_000000000000000_8PRO2001General Book2014-08-26
102007-05-07 2018-08-28  Central Library, BUET2018-09-09Circulation section 623.8/PRO/2001 1033431Central Library, BUET623_800000000000000_PRO_2001General Book2017-05-16